[Event "CrunchLab Masters Div 2 W"]
[Site "Chess.com INT"]
[Date "2024.07.19"]
[Round "1.5"]
[White "Kramnik, Vladimir"]
[Black "Svane, Frederik"]
[Result "0-1"]
[WhiteElo "2753"]
[BlackElo "2636"]
[PlyCount "66"]
[EventDate "2024.07.19"]
[EventType "k.o. (rapid)"]
[EventRounds "6"]
[EventCountry "USA"]
[SourceTitle "CBM 221 Extra"]
[Source "ChessBase"]
[SourceDate "2024.09.30"]
[SourceVersion "1"]
[SourceVersionDate "2024.09.30"]
[SourceQuality "1"]

1. d4 Nf6 2. Nf3 e6 3. e3 b6 4. Bd3 Bb7 5. 0-0 d5 6. b3 Be7 7. Bb2 0-0 8. c4 Nbd7 9. Nc3 c5 10. Qe2 dxc4 11. bxc4 cxd4 12. exd4 Re8 13. Rad1 Nf8 14. Ne5 Ng6 15. Qe3 Qc7 16. f4 Rad8 17. Kh1 Bb4 18. Ne2 Nh4 19. Rf2 Nf5 20. Qh3 Ne4 21. Rff1 Nd2 22. Rxd2 Bxd2 23. d5 b5 24. Nd4 bxc4 25. dxe6 fxe6 26. Nxf5 cxd3 27. Nh6+ gxh6 28. f5 exf5 29. Rxf5 Bg5 30. Qg3 d2 31. h4 d1Q+ 32. Kh2 Qe2 33. Rf2 Qexe5 0-1

[Event "CrunchLab Masters Div 2 W"]
[Site "Chess.com INT"]
[Date "2024.07.19"]
[Round "1.1"]
[White "Svane, Frederik"]
[Black "Kramnik, Vladimir"]
[Result "1/2-1/2"]
[WhiteElo "2636"]
[BlackElo "2753"]
[PlyCount "142"]
[EventDate "2024.07.19"]
[EventType "k.o. (rapid)"]
[EventRounds "6"]
[EventCountry "USA"]
[SourceTitle "CBM 221 Extra"]
[Source "ChessBase"]
[SourceDate "2024.09.30"]
[SourceVersion "1"]
[SourceVersionDate "2024.09.30"]
[SourceQuality "1"]

1. e4 e6 2. d4 d5 3. Nc3 Nf6 4. e5 Nfd7 5. f4 c5 6. Nf3 Nc6 7. Be3 cxd4 8. Nxd4 Bc5 9. Qd2 Bxd4 10. Bxd4 Nxd4 11. Qxd4 Qb6 12. Qxb6 Nxb6 13. Nb5 Ke7 14. Bd3 Bd7 15. Nd4 Na4 16. b3 Nc5 17. Kd2 Rac8 18. a4 a5 19. Rhf1 g6 20. Rae1 h5 21. g3 Rc7 22. Re3 Rd8 23. Rf2 Bc6 24. Ke1 Bd7 25. h3 Rh8 26. Kd2 b6 27. Rf1 Rcc8 28. Rf2 Rcg8 29. Kc3 Rc8 30. Kb2 Rc7 31. Rf1 Rcc8 32. Rf2 Rc7 33. Rg2 Rcc8 34. Be2 Rc7 35. Bd3 Rhc8 36. g4 hxg4 37. hxg4 Rh8 38. Bb5 Rh4 39. Be2 Rc8 40. Bd3 Rh1 41. f5 gxf5 42. gxf5 Nxd3+ 43. Rxd3 exf5 44. Rf2 Re1 45. Nf3 Re4 46. Rxd5 Be6 47. Rdd2 Rc5 48. Rd3 f4 49. c4 Re3 50. Kc3 Bf5 51. Rxe3 fxe3 52. Re2 Bg4 53. Rxe3 Bxf3 54. Rxf3 Rxe5 55. Rh3 Re6 56. b4 axb4+ 57. Kxb4 f5 58. Kb5 f4 59. Rf3 Re4 60. Kxb6 Rxc4 61. a5 Kd6 62. Rd3+ Ke5 63. a6 Ra4 64. a7 Ke4 65. Rc3 Rxa7 66. Kxa7 f3 67. Kb6 f2 68. Rc1 Kf3 69. Kc5 Kg2 70. Kd4 f1Q 71. Rxf1 Kxf1 1/2-1/2

[Event "CrunchLab Masters Div 2 W"]
[Site "Chess.com INT"]
[Date "2024.07.19"]
[Round "1.3"]
[White "Svane, Frederik"]
[Black "Kramnik, Vladimir"]
[Result "1-0"]
[WhiteElo "2636"]
[BlackElo "2753"]
[PlyCount "91"]
[EventDate "2024.07.19"]
[EventType "k.o. (rapid)"]
[EventRounds "6"]
[EventCountry "USA"]
[SourceTitle "CBM 221 Extra"]
[Source "ChessBase"]
[SourceDate "2024.09.30"]
[SourceVersion "1"]
[SourceVersionDate "2024.09.30"]
[SourceQuality "1"]

1. e4 e6 2. d4 d5 3. Nc3 Nf6 4. e5 Nfd7 5. f4 c5 6. Nf3 Nc6 7. Be3 cxd4 8. Nxd4 Bc5 9. Qd2 Bxd4 10. Bxd4 Nxd4 11. Qxd4 Qb6 12. Nb5 Qxd4 13. Nxd4 Ke7 14. h4 Nb8 15. 0-0-0 Nc6 16. Rh3 Nxd4 17. Rxd4 Bd7 18. Kd2 Rhc8 19. h5 Rc7 20. Bd3 h6 21. Rg3 Kf8 22. Rf3 a6 23. f5 exf5 24. Bxf5 Bxf5 25. Rxf5 Ke7 26. Rf3 Ke6 27. Rg4 Rg8 28. Rfg3 Kxe5 29. Rxg7 Rxg7 30. Rxg7 Kf6 31. Rg8 Rc6 32. Rd8 Rb6 33. b3 Kg5 34. Rxd5+ Kg4 35. c4 Rf6 36. Rd7 b6 37. Ke3 Kg3 38. b4 Kxg2 39. c5 bxc5 40. bxc5 Rf3+ 41. Kd4 Rf1 42. c6 Rc1 43. c7 f6 44. Kd5 Kg3 45. Kd6 f5 46. Rd8 1-0

[Event "Crunchlab PlayIn Match D1"]
[Site "Chess.com INT"]
[Date "2024.07.18"]
[Round "1.3"]
[White "Kramnik, Vladimir"]
[Black "Antipov, Mikhail Al"]
[Result "0-1"]
[WhiteElo "2753"]
[BlackElo "2602"]
[PlyCount "80"]
[EventDate "2024.07.18"]
[EventType "k.o. (rapid)"]
[EventRounds "2"]
[EventCountry "USA"]
[SourceTitle "CBM 221 Extra"]
[Source "ChessBase"]
[SourceDate "2024.09.30"]
[SourceVersion "1"]
[SourceVersionDate "2024.09.30"]
[SourceQuality "1"]

1. Nf3 c5 2. b3 g6 3. Bb2 Nf6 4. g3 Bg7 5. Bg2 d5 6. c4 d4 7. b4 Nc6 8. b5 Na5 9. d3 0-0 10. 0-0 Bd7 11. Nbd2 a6 12. a4 Qc8 13. Re1 Bh3 14. Bh1 h6 15. Qc2 b6 16. e3 dxe3 17. Rxe3 Ra7 18. Rae1 axb5 19. axb5 Qd8 20. Ne5 Ng4 21. Nxg4 Bxg4 22. Bxg7 Kxg7 23. Qc3+ Kg8 24. Bf3 Bc8 25. Bg2 Rd7 26. Nf3 Rd6 27. Rxe7 Rxd3 28. Qc1 Bg4 29. Ne5 Qxe7 30. Nxg4 Nb3 31. Rxe7 Nxc1 32. Bd5 Kg7 33. Kg2 Rd2 34. Ne5 Kf6 35. Nc6 Nd3 36. Kf3 Nb4 37. Rd7 Nxd5 38. cxd5 Re8 39. Nd8 Re7 40. Rd6+ Kg7 0-1

[Event "CrunchLab Masters PlayIn"]
[Site "Chess.com INT"]
[Date "2024.07.17"]
[Round "7"]
[White "Anton Guijarro, David"]
[Black "Kramnik, Vladimir"]
[Result "0-1"]
[WhiteElo "2669"]
[BlackElo "2753"]
[PlyCount "110"]
[EventDate "2024.07.17"]
[EventType "swiss (rapid)"]
[EventRounds "9"]
[EventCountry "USA"]
[SourceTitle "CBM 221 Extra"]
[Source "ChessBase"]
[SourceDate "2024.09.30"]
[SourceVersion "1"]
[SourceVersionDate "2024.09.30"]
[SourceQuality "1"]

1. e4 e6 2. d4 d5 3. Nc3 Nf6 4. e5 Nfd7 5. f4 c5 6. Nf3 Nc6 7. Ne2 Be7 8. c3 0-0 9. Be3 f6 10. g3 fxe5 11. dxe5 b5 12. h4 Nb6 13. Qc2 d4 14. cxd4 Nb4 15. Qd1 Nc4 16. Bc1 Bb7 17. Bg2 Be4 18. 0-0 Bc2 19. Qe1 cxd4 20. Nfxd4 Bc5 21. Kh2 Bxd4 22. Nxd4 Qxd4 23. Qxb4 Be4 24. Bxe4 Qxe4 25. Qe1 Qf5 26. Kg1 Qg4 27. b3 Nb6 28. Kg2 Rac8 29. Be3 Nd5 30. Rc1 Rxc1 31. Bxc1 Rc8 32. Qd1 Qf5 33. Rf2 Qe4+ 34. Kh2 g6 35. f5 gxf5 36. Bh6 Qxe5 37. Re2 Qf6 38. Bg5 Qg6 39. Re5 h6 40. Bd2 Kh7 41. Bf4 Qf7 42. Qe1 Rc6 43. Re2 Nf6 44. Kh3 Ne4 45. Kh2 Qg6 46. Qd1 Nf6 47. Qd8 Qf7 48. Rd2 e5 49. Bxh6 Kxh6 50. Qh8+ Nh7 51. Qxe5 Rg6 52. Qf4+ Kg7 53. Qe5+ Nf6 54. Rd6 Kh7 55. Qxf5 Ng4+ 0-1

[Event "CrunchLab Masters PlayIn"]
[Site "Chess.com INT"]
[Date "2024.07.17"]
[Round "6"]
[White "Kramnik, Vladimir"]
[Black "Indjic, Aleksandar"]
[Result "1-0"]
[WhiteElo "2753"]
[BlackElo "2610"]
[PlyCount "125"]
[EventDate "2024.07.17"]
[EventType "swiss (rapid)"]
[EventRounds "9"]
[EventCountry "USA"]
[SourceTitle "CBM 221 Extra"]
[Source "ChessBase"]
[SourceDate "2024.09.30"]
[SourceVersion "1"]
[SourceVersionDate "2024.09.30"]
[SourceQuality "1"]

1. Nf3 d5 2. g3 Bg4 3. Bg2 e6 4. 0-0 Nf6 5. d3 Be7 6. h3 Bh5 7. c4 c6 8. Qb3 Qc8 9. Bf4 Nbd7 10. Nbd2 h6 11. g4 Bg6 12. Rac1 0-0 13. cxd5 exd5 14. Bg3 Bh7 15. Nd4 Re8 16. Qc3 Qd8 17. b4 Bf8 18. N2b3 Qb6 19. a3 a6 20. Rfe1 g5 21. Qd2 a5 22. bxa5 Qd8 23. a4 Bg6 24. f4 gxf4 25. Qxf4 h5 26. g5 Nh7 27. h4 Ne5 28. Bh3 Bd6 29. Qf2 Qb8 30. Kg2 Re7 31. Nf5 Bxf5 32. Bxf5 Nf8 33. Bh3 Neg6 34. e3 Ne6 35. Rf1 Ng7 36. Rce1 Qd8 37. Kh1 Bb4 38. Re2 c5 39. Bg2 Ra6 40. e4 c4 41. dxc4 dxc4 42. Nd2 Bxd2 43. Rxd2 Qxa5 44. Rd5 Qxa4 45. Qd4 Qc2 46. Rf2 Qc1+ 47. Kh2 Ra3 48. Qc5 Kh7 49. Rd8 Qe3 50. Qxe3 Rxe3 51. Bd6 Re8 52. Rd7 Nh8 53. e5 b5 54. Bd5 Kg8 55. g6 Nxg6 56. Bxf7+ Kh8 57. Bxg6 Ra8 58. Bc5 Rb3 59. e6 Nxe6 60. Bd6 Re3 61. Rh7+ Kg8 62. Rg2 Ra6 63. Bf5+ 1-0

[Event "CrunchLab Masters PlayIn"]
[Site "Chess.com INT"]
[Date "2024.07.17"]
[Round "8"]
[White "Kramnik, Vladimir"]
[Black "Karthikeyan, Murali"]
[Result "1-0"]
[WhiteElo "2753"]
[BlackElo "2627"]
[PlyCount "79"]
[EventDate "2024.07.17"]
[EventType "swiss (rapid)"]
[EventRounds "9"]
[EventCountry "USA"]
[SourceTitle "CBM 221 Extra"]
[Source "ChessBase"]
[SourceDate "2024.09.30"]
[SourceVersion "1"]
[SourceVersionDate "2024.09.30"]
[SourceQuality "1"]

1. Nf3 Nf6 2. g3 g6 3. Bg2 Bg7 4. 0-0 0-0 5. c4 c6 6. b3 d5 7. Bb2 Bf5 8. d3 a5 9. Nbd2 Na6 10. a3 Rc8 11. Qc2 b5 12. e4 dxe4 13. dxe4 Nxe4 14. Bxg7 Nxd2 15. Qb2 Nxf1 16. Bxf1 Re8 17. cxb5 cxb5 18. Nd4 Bd7 19. Nxb5 f6 20. Bh6 Nc5 21. Rd1 Qb6 22. b4 axb4 23. axb4 Bxb5 24. bxc5 Rxc5 25. Qb3+ e6 26. Be3 Qc6 27. Bg2 Rc3 28. Qb2 Qc4 29. Rb1 Bc6 30. Bxc6 Qxc6 31. Bd4 Rc2 32. Qa3 e5 33. Be3 Rc3 34. Qa2+ Qc4 35. Qa7 Rd3 36. h4 Rc8 37. Rb7 Rd1+ 38. Kh2 Qd5 39. Rg7+ Kf8 40. Qe7# 1-0

[Event "CrunchLab Masters PlayIn"]
[Site "Chess.com INT"]
[Date "2024.07.17"]
[Round "9"]
[White "Kramnik, Vladimir"]
[Black "Nakamura, Hikaru"]
[Result "1/2-1/2"]
[WhiteElo "2753"]
[BlackElo "2802"]
[PlyCount "80"]
[EventDate "2024.07.17"]
[EventType "swiss (rapid)"]
[EventRounds "9"]
[EventCountry "USA"]
[SourceTitle "CBM 221 Extra"]
[Source "ChessBase"]
[SourceDate "2024.09.30"]
[SourceVersion "1"]
[SourceVersionDate "2024.09.30"]
[SourceQuality "1"]

1. e4 e5 2. Nf3 Nc6 3. Bb5 Nf6 4. 0-0 Nxe4 5. d4 Nd6 6. Bxc6 dxc6 7. dxe5 Nf5 8. Qxd8+ Kxd8 9. Nc3 Bd7 10. b3 h6 11. Bb2 a5 12. Rad1 Kc8 13. a4 b6 14. Ne2 Ne7 15. Nf4 Bg4 16. e6 fxe6 17. Rfe1 Nd5 18. Ng6 Rg8 19. Nge5 Bf5 20. Nd4 Bb4 21. Rf1 Bc3 22. Nxf5 Bxe5 23. Nxh6 Bxh2+ 24. Kxh2 gxh6 25. Rfe1 Rg6 26. Re4 Kb7 27. c4 Nb4 28. Rd7 Rf8 29. f3 Na6 30. Be5 Rf5 31. Rh7 Rh5+ 32. Kg1 Rf5 33. Kf1 h5 34. Re3 Rgg5 35. Bh2 Rf6 36. Re7 Rgg6 37. Be5 Rf5 38. Bh2 Rff6 39. Rd3 Rg8 40. Re3 Rgg6 1/2-1/2